Balloons TD 6 tier 5 towers - Statistics

General Stats
  • This quiz has been taken 17 times
  • The average score is 10 of 66
Answer Stats
Tower Path Tier 5 tower % Correct
Sniper monkey T Maim MOAB
67%
Super monkey T True sun god
58%
Dart monkey M Plasma monkey fan club
50%
Dart monkey B Crossbow master
42%
Dartling gunner M M.A.D
42%
Bomb shooter B Bomb Blitz
33%
Dartling gunner T Ray of Doom
33%
Super monkey M The Anti-balloon
33%
Tack shooter B The Tack Zone
33%
Heli pilot T Apache Prime
25%
Banana farm T Banana central
25%
Sniper monkey B Elite Defender
25%
Monkey sub T Energizer
25%
Monkey ace B Flying fortress
25%
Bomb shooter M MOAB eliminator
25%
Banana farm M Monkeynomics
25%
Village + Banana farm B Monkeyopolis
25%
Mortar monkey T The biggest one
25%
Monkey ace M Tsar Bomba
25%
Sniper monkey M Elite sniper
17%
Ninja monkey M Grand saboteur
17%
Super monkey B Legend of the night
17%
Boomerang monkey B MOAB domination
17%
Banana farm B Monkey Wall Street
17%
Boomerang monkey M Perma Charge
17%
Alchemist T Permanent Brew
17%
Mortar monkey M Pop and awe
17%
Glue gunner B Super glue
17%
Druid T Superstorm
17%
Ice monkey M Absolute zero
8%
Druid B Avatar of wrath
8%
Spike factory M Carpet of spikes
8%
Monkey Buccaneer T Carrier Flagship
8%
Heli pilot B Comanche defender
8%
Glue gunner M Glue storm
8%
Ninja monkey T Grandmaster ninja
8%
Ice monkey B Icicle impale
8%
Tack shooter T Inferno ring
8%
Ninja monkey B Master bomber
8%
Monkey Buccaneer M Pirate lord
8%
Monkey sub M Pre-emptive strike
8%
Village T Primary expertise
8%
Wizard monkey B Prince of Darkness
8%
Engineer monkey T Sentry paragon
8%
Monkey ace T Sky shredder
8%
Heli pilot M Special poperations
8%
Druid M Spirit of the forest
8%
Monkey sub B Sub commander
8%
Ice monkey T Super brittle
8%
Spike factory T Super mines
8%
Alchemist M Total transformation
8%
Monkey Buccaneer B Trade empire
8%
Dart monkey T Ultra Juggernaught
8%
Engineer monkey B XXXL trap
8%
Wizard monkey T Archemage
0%
Dartling gunner B Balloon area denial system
0%
Mortar monkey B Ballooncineration
0%
Bomb shooter T Balloon crush
0%
Alchemist B Balloon master alchemist
0%
Glue gunner T Balloon solver
0%
Boomerang monkey T Glave lord
0%
Village M Homeland defence
0%
Engineer monkey M Overdrive
0%
Spike factory B Permanent spikes
0%
Wizard monkey M Phoenix lord
0%
Tack shooter M Super Malestrom
0%
No matching quizzes found
Score Distribution
Percent of People with Each Score
Percentile by Number Answered
Your Score History
You have not taken this quiz